000
00303 a2200133 4500
999
_c
324859
_d
324859
001
89786
003
NUST
082
_a
894.3534 SHA
100
_a
Shafak Elif
_9
9827
245
_a
The flea palace
260
_a
London
_b
Penguin Books
_c
2005
300
_a
448p.
500
_a
General Books
942
_a
CAE NUST
_c
BK
_k
894.3534 SHA
_2
ddc